[Event "ODJM C 2025"]
[Site "Willingen GER"]
[Date "2025.06.11"]
[Round "6"]
[White "Trunz, Daniel"]
[Black "Giss, Marlene"]
[Result "1-0"]
[Termination "normal"]
[Board "22"]
[WhiteElo "1495"]
[BlackElo "939"]
[WhiteClock "00:46:17"]
[BlackClock "01:09:26"]
[PlyCount "95"]
[WhiteFideId "34640797"]
[BlackFideId "533018391"]
[EventCountry "GER"]
[EventRounds "9"]
[EventType "swiss"]
[EventDate "2025.06.07"]

1. e4 {[%clk 01:30:39]} {[%emt 00:00:19]} c5 {[%clk 01:30:51]} {[%emt
00:00:09]} 2. Bc4 {[%clk 01:30:57]} {[%emt 00:00:13]} d6 {[%clk 01:31:08]}
{[%emt 00:00:13]} 3. Nf3 {[%clk 01:31:08]} {[%emt 00:00:19]} e6 {[%clk
01:31:10]} {[%emt 00:00:27]} 4. O-O {[%clk 01:31:08]} {[%emt 00:00:30]} Nc6
{[%clk 01:31:30]} {[%emt 00:00:11]} 5. c3 {[%clk 01:30:48]} {[%emt 00:00:50]}
Nf6 {[%clk 01:31:37]} {[%emt 00:00:22]} 6. Re1 {[%clk 01:30:25]} {[%emt
00:00:54]} Be7 {[%clk 01:30:27]} {[%emt 00:01:40]} 7. d4 {[%clk 01:30:38]}
{[%emt 00:00:17]} cxd4 {[%clk 01:30:44]} {[%emt 00:00:13]} 8. cxd4 {[%clk
01:31:02]} {[%emt 00:00:06]} d5 {[%clk 01:30:38]} {[%emt 00:00:36]} 9. exd5
{[%clk 01:30:31]} {[%emt 00:01:00]} exd5 {[%clk 01:30:53]} {[%emt 00:00:16]}
10. Bb3 {[%clk 01:30:13]} {[%emt 00:00:48]} O-O {[%clk 01:31:03]} {[%emt
00:00:19]} 11. Nc3 {[%clk 01:29:25]} {[%emt 00:01:19]} Bb4 {[%clk 01:31:00]}
{[%emt 00:00:33]} 12. Bg5 {[%clk 01:29:07]} {[%emt 00:00:48]} Bg4 {[%clk
01:30:45]} {[%emt 00:00:44]} 13. Re3 {[%clk 01:25:04]} {[%emt 00:04:34]} Re8
{[%clk 01:28:57]} {[%emt 00:02:18]} 14. Nxd5 {[%clk 01:24:24]} {[%emt
00:01:10]} Rxe3 {[%clk 01:28:30]} {[%emt 00:00:56]} 15. fxe3 {[%clk 01:24:17]}
{[%emt 00:00:38]} h6 {[%clk 01:27:27]} {[%emt 00:01:33]} 16. Nxf6+ {[%clk
01:23:55]} {[%emt 00:00:53]} gxf6 {[%clk 01:27:06]} {[%emt 00:00:50]} 17. Bxh6
{[%clk 01:23:17]} {[%emt 00:01:08]} Na5 {[%clk 01:25:50]} {[%emt 00:01:47]} 18.
a3 {[%clk 01:19:29]} {[%emt 00:04:19]} Bd6 {[%clk 01:25:17]} {[%emt 00:01:01]}
19. Ba2 {[%clk 01:19:02]} {[%emt 00:00:59]} f5 {[%clk 01:24:24]} {[%emt
00:01:22]} 20. h3 {[%clk 01:18:11]} {[%emt 00:01:21]} Bh5 {[%clk 01:24:33]}
{[%emt 00:00:17]} 21. b4 {[%clk 01:14:24]} {[%emt 00:04:21]} Nc6 {[%clk
01:24:22]} {[%emt 00:00:41]} 22. Qd3 {[%clk 01:12:59]} {[%emt 00:01:55]} Qf6
{[%clk 01:24:22]} {[%emt 00:00:27]} 23. Bg5 {[%clk 01:05:16]} {[%emt 00:08:15]}
Qg6 {[%clk 01:23:58]} {[%emt 00:00:52]} 24. b5 {[%clk 00:59:26]} {[%emt
00:06:22]} Na5 {[%clk 01:23:37]} {[%emt 00:00:51]} 25. h4 {[%clk 00:58:18]}
{[%emt 00:01:38]} Bxf3 {[%clk 01:17:54]} {[%emt 00:06:12]} 26. gxf3 {[%clk
00:58:21]} {[%emt 00:00:28]} Kf8 {[%clk 01:16:33]} {[%emt 00:01:49]} 27. Qc3
{[%clk 00:56:14]} {[%emt 00:02:39]} b6 {[%emt 00:04:23]} 28. d5 {[%clk
00:52:36]} {[%emt 00:00:31]} Qg8 {[%clk 01:15:21]} {[%emt 00:01:26]} 29. Kf2
{[%clk 00:51:50]} {[%emt 00:01:15]} Re8 {[%clk 01:13:55]} {[%emt 00:01:55]} 30.
Qf6 {[%clk 00:50:58]} {[%emt 00:01:24]} Be5 {[%clk 01:13:39]} {[%emt 00:00:46]}
31. Bh6+ {[%clk 00:50:11]} {[%emt 00:01:17]} Qg7 {[%clk 01:13:50]} {[%emt
00:00:17]} 32. Bxg7+ {[%clk 00:50:07]} {[%emt 00:00:37]} Kg8 {[%clk 01:14:00]}
{[%emt 00:00:18]} 33. Qg5 {[%clk 00:49:42]} {[%emt 00:00:56]} Bxg7 {[%clk
01:13:52]} {[%emt 00:00:37]} 34. d6 {[%clk 00:49:39]} {[%emt 00:00:35]} Nb7
{[%clk 01:13:35]} {[%emt 00:03:05]} 35. Qg6 {[%clk 00:51:25]} {[%emt 00:00:42]}
Rf8 {[%clk 01:13:34]} {[%emt 00:00:30]} 36. h5 {[%clk 00:51:02]} {[%emt
00:00:55]} Kh8 {[%clk 01:11:32]} {[%emt 00:02:29]} 37. Qxf5 {[%clk 00:50:25]}
{[%emt 00:01:09]} Nxd6 {[%clk 01:11:23]} {[%emt 00:00:39]} 38. Qd3 {[%clk
00:49:55]} {[%emt 00:00:59]} Bxa1 {[%clk 01:11:12]} {[%emt 00:00:41]} 39. Bb1
{[%clk 00:49:49]} {[%emt 00:00:38]} f5 {[%clk 01:10:54]} {[%emt 00:00:47]} 40.
Qxd6 {[%clk 00:50:00]} {[%emt 00:00:20]} Rf7 {[%clk 01:10:12]} {[%emt
00:01:11]} 41. Ba2 {[%clk 00:49:39]} {[%emt 00:00:52]} Rf6 {[%clk 01:09:57]}
{[%emt 00:00:45]} 42. Qd8+ {[%clk 00:49:08]} {[%emt 00:01:01]} Kh7 {[%clk
01:10:02]} {[%emt 00:00:24]} 43. Qg8+ {[%clk 00:47:21]} {[%emt 00:02:17]} Kh6
{[%clk 01:10:04]} {[%emt 00:00:29]} 44. Qh8+ {[%clk 00:47:30]} {[%emt
00:00:21]} Kg5 {[%clk 01:10:15]} {[%emt 00:00:18]} 45. Kg3 {[%clk 00:47:00]}
{[%emt 00:01:01]} f4+ {[%clk 01:09:46]} {[%emt 00:00:59]} 46. exf4+ {[%clk
00:46:37]} {[%emt 00:00:54]} Kf5 {[%clk 01:10:02]} {[%emt 00:00:13]} 47. Qc8+
{[%clk 00:46:17]} {[%emt 00:00:51]} Re6 {[%clk 01:09:26]} {[%emt 00:01:04]} 48.
Qxe6# {[%emt 00:00:32]} 1-0

[Event "ODJM C 2025"]
[Site "Willingen GER"]
[Date "2025.06.11"]
[Round "6"]
[White "Prokscha, Kilian"]
[Black "Bathmann, Sanaa Maria"]
[Result "0-1"]
[Termination "normal"]
[Board "23"]
[WhiteElo "970"]
[BlackElo "1105"]
[WhiteClock "00:00:35"]
[BlackClock "01:07:57"]
[PlyCount "144"]
[WhiteFideId "533002843"]
[BlackFideId "34697322"]
[EventCountry "GER"]
[EventRounds "9"]
[EventType "swiss"]
[EventDate "2025.06.07"]

1. d4 {[%clk 01:30:58]} {[%emt 00:00:02]} d5 {[%clk 01:30:29]} {[%emt
00:00:32]} 2. c4 {[%clk 01:30:13]} {[%emt 00:01:14]} c6 {[%clk 01:28:13]}
{[%emt 00:02:47]} 3. Nf3 {[%clk 01:28:03]} {[%emt 00:02:38]} g6 {[%clk
01:27:01]} {[%emt 00:01:43]} 4. Nc3 {[%clk 01:25:34]} {[%emt 00:03:00]} Nf6
{[%clk 01:27:11]} {[%emt 00:00:21]} 5. Bf4 {[%clk 01:25:22]} {[%emt 00:00:42]}
Bg7 {[%clk 01:26:54]} {[%emt 00:00:47]} 6. e3 {[%clk 01:19:21]} {[%emt
00:06:32]} Bf5 {[%clk 01:27:01]} {[%emt 00:00:22]} 7. Be2 {[%clk 01:14:16]}
{[%emt 00:05:36]} Nbd7 {[%clk 01:26:42]} {[%emt 00:00:42]} 8. O-O {[%clk
01:09:54]} {[%emt 00:04:58]} O-O {[%clk 01:24:41]} {[%emt 00:02:29]} 9. Qb3
{[%clk 01:03:19]} {[%emt 00:07:07]} Nb6 {[%clk 01:22:45]} {[%emt 00:01:45]} 10.
c5 {[%clk 00:59:59]} {[%emt 00:04:32]} Nbd7 {[%clk 01:22:30]} {[%emt 00:00:42]}
11. Qxb7 {[%clk 00:58:29]} {[%emt 00:02:03]} Qc8 {[%clk 01:21:25]} {[%emt
00:01:31]} 12. Ba6 {[%clk 00:56:54]} {[%emt 00:02:09]} Qxb7 {[%clk 01:21:25]}
{[%emt 00:00:30]} 13. Bxb7 {[%clk 00:56:58]} {[%emt 00:00:26]} Rad8 {[%clk
01:21:41]} {[%emt 00:00:05]} 14. Bxc6 {[%clk 00:56:00]} {[%emt 00:01:37]} e6
{[%clk 01:21:17]} {[%emt 00:00:54]} 15. Rfe1 {[%clk 00:53:31]} {[%emt
00:02:59]} Nb8 {[%clk 01:19:16]} {[%emt 00:02:17]} 16. Bd6 {[%clk 00:52:53]}
{[%emt 00:01:23]} Rxd6 {[%clk 01:16:59]} {[%emt 00:02:46]} 17. cxd6 {[%clk
00:50:53]} {[%emt 00:02:31]} Nxc6 {[%clk 01:17:19]} {[%emt 00:00:09]} 18. Nb5
{[%clk 00:50:18]} {[%emt 00:01:05]} Rb8 {[%clk 01:16:15]} {[%emt 00:01:20]} 19.
Rec1 {[%clk 00:49:26]} {[%emt 00:01:36]} Rb6 {[%clk 01:16:11]} {[%emt
00:00:35]} 20. Rc5 {[%clk 00:48:47]} {[%emt 00:01:09]} Ne4 {[%clk 01:14:28]}
{[%emt 00:02:12]} 21. Rcc1 {[%clk 00:48:07]} {[%emt 00:01:04]} Bf6 {[%clk
01:10:08]} {[%emt 00:04:56]} 22. a4 {[%clk 00:46:32]} {[%emt 00:02:06]} Nb8
{[%clk 01:09:32]} {[%emt 00:00:58]} 23. Nxa7 {[%clk 00:44:13]} {[%emt
00:02:57]} Nxd6 {[%clk 01:09:18]} {[%emt 00:00:44]} 24. a5 {[%clk 00:41:37]}
{[%emt 00:03:06]} Rxb2 {[%clk 01:08:20]} {[%emt 00:01:28]} 25. Nc8 {[%clk
00:37:03]} {[%emt 00:05:04]} Nxc8 {[%clk 01:06:37]} {[%emt 00:02:13]} 26. Rxc8+
{[%clk 00:36:09]} {[%emt 00:01:23]} Kg7 {[%clk 01:07:00]} {[%emt 00:00:07]} 27.
h3 {[%clk 00:36:22]} {[%emt 00:00:18]} e5 {[%clk 01:06:24]} {[%emt 00:01:06]}
28. Rc5 {[%clk 00:34:11]} {[%emt 00:02:40]} e4 {[%clk 01:04:43]} {[%emt
00:02:12]} 29. Ne1 {[%clk 00:32:44]} {[%emt 00:01:56]} Be6 {[%clk 01:02:35]}
{[%emt 00:02:38]} 30. a6 {[%clk 00:31:17]} {[%emt 00:01:57]} Nd7 {[%clk
01:00:39]} {[%emt 00:02:25]} 31. Rc7 {[%clk 00:29:58]} {[%emt 00:01:50]} Bd8
{[%clk 00:59:51]} {[%emt 00:00:48]} 32. Rb7 {[%clk 00:29:24]} {[%emt 00:01:34]}
Rxb7 {[%clk 00:58:05]} {[%emt 00:02:14]} 33. axb7 {[%clk 00:28:15]} {[%emt
00:01:42]} f5 {[%clk 00:56:44]} {[%emt 00:01:39]} 34. Rb1 {[%clk 00:25:00]}
{[%emt 00:03:51]} Ba5 {[%clk 00:55:28]} {[%emt 00:01:06]} 35. Nc2 {[%clk
00:20:00]} {[%emt 00:06:12]} Nb8 {[%clk 00:54:20]} {[%emt 00:00:58]} 36. Ra1
{[%clk 00:17:08]} {[%emt 00:04:07]} Bc7 {[%clk 00:54:16]} {[%emt 00:00:34]} 37.
Nb4 {[%clk 00:16:03]} {[%emt 00:01:34]} Nd7 {[%clk 00:52:59]} {[%emt 00:01:45]}
38. Nc6 {[%clk 00:14:34]} {[%emt 00:01:59]} Kf6 {[%clk 00:51:35]} {[%emt
00:01:44]} 39. Rb1 {[%clk 00:14:27]} {[%emt 00:00:49]} h5 {[%clk 00:51:26]}
{[%emt 00:00:37]} 40. b8=Q {[%clk 00:13:10]} {[%emt 00:01:48]} Nxb8 {[%clk
00:51:08]} {[%emt 00:00:45]} 41. Nxb8 {[%clk 00:13:18]} {[%emt 00:00:25]} f4
{[%clk 00:51:11]} {[%emt 00:00:27]} 42. Nc6 {[%clk 00:10:26]} {[%emt 00:03:22]}
fxe3 {[%clk 00:50:26]} {[%emt 00:01:15]} 43. fxe3 {[%clk 00:08:39]} {[%emt
00:02:18]} Bg3 {[%clk 00:49:28]} {[%emt 00:01:26]} 44. Rf1+ {[%clk 00:08:00]}
{[%emt 00:01:11]} Kg7 {[%clk 00:48:09]} {[%emt 00:01:34]} 45. Ne7 {[%clk
00:05:30]} {[%emt 00:03:14]} Bh4 {[%clk 00:46:50]} {[%emt 00:01:40]} 46. Kh2
{[%clk 00:03:11]} {[%emt 00:02:59]} Bxe7 {[%clk 00:46:57]} {[%emt 00:00:22]}
47. g3 {[%clk 00:03:07]} {[%emt 00:00:31]} g5 {[%clk 00:45:59]} {[%emt
00:01:31]} 48. Kg2 {[%clk 00:29:56]} {[%emt 00:03:41]} g4 {[%clk 01:15:36]}
{[%emt 00:00:45]} 49. h4 {[%clk 00:30:10]} {[%emt 00:00:20]} Bd7 {[%clk
01:15:04]} {[%emt 00:01:05]} 50. Rc1 {[%clk 00:30:13]} {[%emt 00:00:28]} Kf6
{[%clk 01:15:03]} {[%emt 00:00:28]} 51. Rc7 {[%clk 00:30:41]} {[%emt 00:00:05]}
Ke6 {[%clk 01:14:55]} {[%emt 00:00:37]} 52. Kf1 {[%clk 00:30:29]} {[%emt
00:00:44]} Bb5+ {[%clk 01:15:03]} {[%emt 00:00:22]} 53. Ke1 {[%clk 00:29:49]}
{[%emt 00:01:10]} Bd6 {[%clk 01:14:55]} {[%emt 00:00:37]} 54. Rh7 {[%clk
00:29:23]} {[%emt 00:00:57]} Bxg3+ {[%clk 01:14:55]} {[%emt 00:00:30]} 55. Kd1
{[%clk 00:29:46]} {[%emt 00:00:07]} Be8 {[%clk 01:14:59]} {[%emt 00:00:25]} 56.
Ke2 {[%clk 00:29:16]} {[%emt 00:01:00]} Bxh4 {[%clk 01:14:41]} {[%emt
00:00:47]} 57. Rh6+ {[%emt 00:00:32]} Kf5 {[%clk 01:13:28]} {[%emt 00:01:40]}
58. Kf1 {[%clk 00:28:07]} {[%emt 00:01:42]} Bg5 {[%clk 01:12:49]} {[%emt
00:00:56]} 59. Rh8 {[%clk 00:26:39]} {[%emt 00:02:10]} Bf7 {[%clk 01:12:52]}
{[%emt 00:00:27]} 60. Kg2 {[%clk 00:24:14]} {[%emt 00:02:56]} Bxe3 {[%clk
01:09:33]} {[%emt 00:03:49]} 61. Kf1 {[%clk 00:18:05]} {[%emt 00:06:39]} Bxd4
{[%clk 01:09:25]} {[%emt 00:00:34]} 62. Rh7 {[%clk 00:12:15]} {[%emt 00:06:24]}
Kg6 {[%clk 01:09:10]} {[%emt 00:00:34]} 63. Rxf7 {[%clk 00:09:05]} {[%emt
00:03:33]} Kxf7 {[%clk 01:09:26]} {[%emt 00:00:30]} 64. Ke2 {[%clk 00:06:58]}
{[%emt 00:02:37]} g3 {[%clk 01:09:36]} {[%emt 00:00:21]} 65. Kf1 {[%clk
00:05:57]} {[%emt 00:01:32]} e3 {[%clk 01:08:22]} {[%emt 00:01:43]} 66. Kg2
{[%clk 00:03:00]} {[%emt 00:03:18]} e2 {[%clk 01:08:11]} {[%emt 00:00:43]} 67.
Kxg3 {[%clk 00:00:58]} {[%emt 00:02:39]} e1=R {[%clk 01:07:40]} {[%emt
00:00:33]} 68. Kh4 {[%clk 00:01:26]} Rg1 {[%clk 01:07:54]} {[%emt 00:00:47]}
69. Kxh5 {[%clk 00:00:34]} {[%emt 00:01:17]} Bf2 {[%clk 01:07:38]} {[%emt
00:00:48]} 70. Kh6 {[%clk 00:00:31]} {[%emt 00:00:32]} Bd4 {[%clk 01:07:39]}
{[%emt 00:00:26]} 71. Kh5 {[%clk 00:00:34]} {[%emt 00:00:31]} Bf6 {[%clk
01:07:57]} {[%emt 00:00:13]} 72. Kh6 {[%clk 00:00:35]} {[%emt 00:00:27]} Rh1+
{[%emt 00:00:53]} 0-1

[Event "ODJM C 2025"]
[Site "Willingen GER"]
[Date "2025.06.11"]
[Round "6"]
[White "Surmann, Lukas"]
[Black "Weimar, Yaron"]
[Result "1-0"]
[Termination "normal"]
[Board "24"]
[WhiteElo "1084"]
[BlackElo "918"]
[WhiteClock "01:14:34"]
[BlackClock "01:16:47"]
[PlyCount "107"]
[WhiteFideId "34649360"]
[BlackFideId "533013098"]
[EventCountry "GER"]
[EventRounds "9"]
[EventType "swiss"]
[EventDate "2025.06.07"]

1. d4 {[%clk 01:30:58]} {[%emt 00:00:01]} g6 {[%clk 01:30:51]} {[%emt
00:00:09]} 2. Nf3 {[%clk 01:31:03]} {[%emt 00:00:25]} e6 {[%clk 01:30:59]}
{[%emt 00:00:22]} 3. c4 {[%clk 01:31:10]} {[%emt 00:00:23]} d5 {[%clk
01:31:14]} {[%emt 00:00:15]} 4. Nc3 {[%clk 01:30:58]} {[%emt 00:00:42]} Bg7
{[%clk 01:31:31]} {[%emt 00:00:13]} 5. Bf4 {[%clk 01:30:56]} {[%emt 00:00:31]}
Nc6 {[%clk 01:31:40]} {[%emt 00:00:22]} 6. e3 {[%emt 00:01:17]} Nf6 {[%emt
00:00:12]} 7. Be2 {[%clk 01:26:29]} {[%emt 00:03:27]} O-O {[%clk 01:31:54]}
{[%emt 00:00:17]} 8. O-O {[%clk 01:25:20]} {[%emt 00:01:39]} a6 {[%clk
01:31:30]} {[%emt 00:00:54]} 9. h3 {[%clk 01:24:07]} {[%emt 00:01:43]} Nh5
{[%clk 01:31:39]} {[%emt 00:00:21]} 10. Bh2 {[%clk 01:24:07]} {[%emt 00:00:30]}
Re8 {[%clk 01:29:21]} {[%emt 00:02:48]} 11. Qb3 {[%clk 01:24:07]} {[%emt
00:00:31]} Nf6 {[%clk 01:29:14]} {[%emt 00:00:37]} 12. Ne5 {[%clk 01:23:38]}
{[%emt 00:00:58]} Nxe5 {[%clk 01:27:19]} {[%emt 00:02:26]} 13. Bxe5 {[%clk
01:23:55]} {[%emt 00:00:13]} b6 {[%clk 01:27:02]} {[%emt 00:00:47]} 14. Bxf6
{[%clk 01:23:57]} {[%emt 00:00:28]} Bxf6 {[%clk 01:27:15]} {[%emt 00:00:17]}
15. cxd5 {[%clk 01:24:13]} {[%emt 00:00:14]} exd5 {[%clk 01:27:07]} {[%emt
00:00:38]} 16. Qxd5 {[%clk 01:24:28]} {[%emt 00:00:14]} Qxd5 {[%clk 01:26:42]}
{[%emt 00:00:56]} 17. Nxd5 {[%clk 01:24:46]} {[%emt 00:00:12]} Bd8 {[%clk
01:26:41]} {[%emt 00:00:31]} 18. Bf3 {[%clk 01:24:48]} {[%emt 00:00:29]} Ra7
{[%emt 00:03:13]} 19. Rac1 {[%clk 01:23:53]} Be6 {[%clk 01:24:37]} {[%emt
00:01:16]} 20. Rc3 {[%clk 01:22:26]} {[%emt 00:01:57]} Bxd5 {[%clk 01:24:05]}
{[%emt 00:01:02]} 21. Bxd5 {[%clk 01:22:40]} {[%emt 00:00:16]} Bf6 {[%clk
01:24:06]} {[%emt 00:00:30]} 22. Rfc1 {[%clk 01:21:50]} {[%emt 00:01:19]} Rc8
{[%clk 01:23:18]} {[%emt 00:01:18]} 23. Bf3 {[%clk 01:20:31]} {[%emt 00:01:49]}
Be7 {[%clk 01:22:40]} {[%emt 00:01:08]} 24. e4 {[%clk 01:19:15]} {[%emt
00:01:46]} c5 {[%clk 01:21:57]} {[%emt 00:01:13]} 25. a3 {[%clk 01:18:14]}
{[%emt 00:01:32]} Rcc7 {[%emt 00:02:54]} 26. b4 {[%emt 00:00:47]} h5 {[%clk
01:17:46]} {[%emt 00:00:59]} 27. bxc5 {[%clk 01:17:32]} {[%emt 00:01:12]} bxc5
{[%clk 01:17:55]} {[%emt 00:00:21]} 28. dxc5 {[%clk 01:17:34]} {[%emt
00:00:27]} Ra8 {[%clk 01:18:00]} {[%emt 00:00:26]} 29. g4 {[%clk 01:17:13]}
{[%emt 00:00:50]} h4 {[%clk 01:16:03]} {[%emt 00:02:29]} 30. e5 {[%clk
01:16:54]} {[%emt 00:00:48]} Rac8 {[%clk 01:16:18]} {[%emt 00:00:15]} 31. c6
{[%clk 01:16:35]} {[%emt 00:00:49]} g5 {[%clk 01:16:03]} {[%emt 00:00:37]} 32.
Re1 {[%clk 01:16:27]} {[%emt 00:00:46]} a5 {[%clk 01:15:58]} {[%emt 00:00:35]}
33. e6 {[%clk 01:16:37]} {[%emt 00:00:20]} f6 {[%clk 01:16:06]} {[%emt
00:00:22]} 34. Rd3 {[%clk 01:16:26]} {[%emt 00:00:41]} Rd8 {[%clk 01:15:21]}
{[%emt 00:01:15]} 35. Rxd8+ {[%clk 01:15:22]} {[%emt 00:01:34]} Bxd8 {[%clk
01:15:11]} {[%emt 00:00:40]} 36. Rd1 {[%clk 01:15:30]} {[%emt 00:00:22]} Be7
{[%clk 01:15:17]} {[%emt 00:00:23]} 37. a4 {[%clk 01:14:27]} {[%emt 00:01:34]}
Kf8 {[%clk 01:15:17]} {[%emt 00:00:31]} 38. Rd7 {[%clk 01:14:30]} {[%emt
00:00:26]} Rxd7 {[%clk 01:15:27]} {[%emt 00:00:21]} 39. exd7 {[%clk 01:14:09]}
{[%emt 00:00:50]} Bd8 {[%clk 01:15:39]} {[%emt 00:00:18]} 40. Kf1 {[%clk
01:14:26]} {[%emt 00:00:13]} Ke7 {[%clk 01:15:58]} {[%emt 00:00:10]} 41. Ke1
{[%clk 01:14:35]} {[%emt 00:00:22]} Bb6 {[%clk 01:16:12]} {[%emt 00:00:16]} 42.
Be4 {[%clk 01:14:23]} {[%emt 00:00:42]} Kd8 {[%clk 01:15:53]} {[%emt 00:00:49]}
43. f3 {[%clk 01:14:26]} {[%emt 00:00:27]} Bc7 {[%clk 01:16:07]} {[%emt
00:00:16]} 44. Kd2 {[%clk 01:14:36]} {[%emt 00:00:20]} Bb6 {[%clk 01:16:05]}
{[%emt 00:00:32]} 45. Kd3 {[%clk 01:14:01]} {[%emt 00:01:04]} Bc7 {[%clk
01:16:24]} {[%emt 00:00:12]} 46. Kd4 {[%clk 01:14:16]} {[%emt 00:00:15]} Be5+
{[%clk 01:16:24]} {[%emt 00:00:29]} 47. Kd3 {[%clk 01:13:18]} {[%emt 00:01:29]}
Bc7 {[%clk 01:16:40]} {[%emt 00:00:14]} 48. Bd5 {[%clk 01:13:26]} {[%emt
00:00:21]} Be5 {[%clk 01:16:51]} {[%emt 00:00:20]} 49. Ke4 {[%clk 01:13:19]}
{[%emt 00:00:37]} Kc7 {[%clk 01:16:54]} {[%emt 00:00:26]} 50. Kf5 {[%clk
01:13:40]} {[%emt 00:00:10]} Kd8 {[%clk 01:17:04]} {[%emt 00:00:20]} 51. Ke6
{[%clk 01:13:45]} {[%emt 00:00:24]} Bd4 {[%clk 01:16:44]} {[%emt 00:00:49]} 52.
c7+ {[%clk 01:13:58]} {[%emt 00:00:19]} Kxc7 {[%clk 01:16:52]} {[%emt
00:00:22]} 53. Ke7 {[%clk 01:14:17]} {[%emt 00:00:11]} Bc5 {[%clk 01:16:47]}
{[%emt 00:00:35]} 54. Ke8 {[%clk 01:14:34]} {[%emt 00:00:13]} 1-0